MDQL
is popping MORE tags! Check the
thread
!
Quizzes
Events
Quiz Creation
Community
Videos
Private Events
Remove Ads
Sign In
Join for FREE
Feedback
Dark Mode
Quiz Categories
Sports
Geography
Music
Movies
Television
Just For Fun
Miscellaneous
History
Literature
Language
Science
Gaming
Entertainment
Religion
Holiday
For Kids
Quiz Lab
Recent
Popular Today
Quiz Kudos Today
Editor Picks
Curator Picks
Quizzes by...
Day
Popularity
Type
Ratings
Length
Year
Community
Subscriptions
Recent Discussions
Orange Saloon
Badges
Playlists
Quests
Create
Leaderboards
Showdown
Live 5
Trivia Bingo
Activity
Puzzle Library
Sporcle Events
Private Events
Virtual Trivia
Globe League
Become a Host
Pub Owners
SporcleCon
Opinionation
Our Games
Videos
Blog
Mobile Apps
Partnerships
Remove Ads and Go Orange
Feedback
Sports
Athletes
MLB
NBA
NHL
NFL
Soccer
Sports Teams
WWE
NCAA
Football
Premier League
Basketball
Baseball
Hockey
Golf
Tennis
Cricket
Rugby
Auto Racing
Olympics
World Cup
Sports
Athletes
MLB
NBA
NHL
NFL
Soccer
Sports Teams
WWE
NCAA
Football
Premier League
Basketball
Baseball
Hockey
Golf
Tennis
Cricket
Rugby
Auto Racing
Olympics
World Cup
Random Quiz
Search Sporcle
×
Quiz Lab
Quiz Lab
Sports
Ligue 1
Type in answers that appear in a list
Type in answers that appear in a list
Classic
Best Score? Go Orange.
Foreign players at PSG Stats
Can you name the Foreign players at PSG?
By
AxlCDC
16m
147 Questions
570 Plays
570 Plays
570 Plays
Comments
Comments
Give Quiz Kudos
Give Quiz Kudos
-
- Ratings
hide this ad
Replay
Link that replays current quiz
Next Quiz
Link to next quiz in quiz playlist
You Got
0%
They Got
Avg Score
52%
Avg Friend Score
Upgrade to see
Score Distribution
Jump to the score distribution portion of the page
Score
0/147
Timer
16:00
0
Plays Today
Years at PSG
Player
% Correct
2002 -
2005
Lorik Cana
91%
2012-
Thiago Motta
87.7%
2013-
Edinson Cavani
87.5%
2015-
Ángel Di María
87.1%
2012-
Thiago Silva
86.8%
2012 -
2016
Zlatan Ibrahimović
86.8%
2012-
Marco Verratti
86.4%
2012 -
2014
Alex
86.2%
2011-
Javier Pastore
86.1%
1993 -
1998
Raï
85.5%
2011-
2016
Salvatore Sirigu
85.4%
2012 -
2016
Ezequiel Lavezzi
85.2%
2015-
Kevin Trapp
85.2%
2001 -
2002
Alex
84.7%
2003 -
2008
Pedro Miguel Pauleta
84.7%
2012-
2016
Gregory van der Wiel
84.5%
2013
David Beckham
84.1%
1992 -
1995
George Weah
83.2%
2014-
2016
David Luiz
83.1%
2013-
Lucas Moura
82.2%
2017-
Julian Draxler
82%
2016-
Thomas Meunier
81.7%
2013-
Marquinhos
81.7%
2012-
2017
Sherrer Maxwell
81.3%
2001 -
2004
Gabriel Heinze
81%
1998 -
2002
Jay-Jay Okocha
80.8%
2001 -
2003
Ronaldinho
80.1%
2014-
Serge Aurier
78.8%
2010 -
2012
Luis Nenê
77.2%
2004 -
2008
Mario Yepes
76.9%
2000 -
2001
Enrique De Lucas
76.9%
2002 -
2003
André Luiz
75.8%
2009 -
2012
Mevlüt Erding
75.5%
2008 -
2011
Stéphane Sessègnon
75.1%
1991 -
1995
Cândido Filho Valdo
73.2%
1997 -
1999
Marco Simone
72.7%
2001 -
2003
Mauricio Pochettino
72.1%
1991 -
1995
Ricardo Gomes
71.8%
1982 -
1991
Safet Sušić
71.4%
1974 -
1984
Mustapha Dahleb
70.9%
2003 -
2004
Juan Pablo Sorín
70.7%
1996 -
1997
Leonardo
70.7%
2011 -
2013
Diego Lugano
70.4%
1999 -
2001
Ali Benarbia
70.2%
1995 -
1997
Julio César Dely Valdés
70%
2000 -
2004
Talal El Karkouri
69.8%
2005 -
2007
Cristian Rodríguez
69.5%
2016-
Grzegorz Krychowiak
69.4%
2005 -
2006
Sergueï Semak
68.8%
Years at PSG
Player
% Correct
2001 -
2003
José Aloisio
67.9%
2007 -
2012
Marcos Ceará
67.7%
2001 -
2002
Mikel Arteta
67.7%
2007 -
2011
Edel Apoula
67.2%
1999 -
2001
Christian
66.5%
1998 -
1999
Christian Wörns
66.3%
2003 -
2006
Modeste M'Bami
64.9%
2005 -
2007
David Rozehnal
64.9%
2000 -
2005
Selim Benachour
64.4%
2001 -
2004
Hugo Leal
64.2%
2011 -
2013
Mohamed Sissoko
64%
2008 -
2010
Mateja Kežman
63.8%
2005 -
2007
Bonaventure Kalou
63.5%
2008 -
2012
Éverton Santos
62.8%
2016-
Jese
62.7%
2003 -
2005
Branko Bošković
62.4%
2001 -
2005
Bartholomew Ogbeche
61.9%
2006 -
2011
Sammy Traoré
60.7%
2006 -
2008
Amara Diané
60.7%
2013 -
2014
Kalifa Traoré
60.5%
2002 -
2007
Paulo César
60.1%
2000 -
2001
Vampeta
59.6%
1999 -
2001
Godwin Okpara
59.1%
1998 -
2001
Aliou Cissé
58.7%
1997 -
2000
Edvin Murati
58.6%
2007 -
2008
Willamis Souza
58.6%
1998 -
2001
Igor Yanovski
58.6%
2010 -
2013
Siaka Tiéné
58.6%
1977 -
1979
Carlos Bianchi
58.4%
1978 -
1981
Armando Bianchi
58.4%
2005 -
2007
Carlos Bueno
57.5%
2002 -
2004
Martín Cardetti
57%
2011 -
2012
Milan Biševac
56.6%
2001 -
2005
Reinaldo
55.4%
2001 -
2003
Cristóbal
55%
2003 -
2005
Danijel Ljuboja
54.5%
2006 -
2008
Marcelo Gallardo
52%
1999 -
2000
César Belli
51%
2009 -
2011
Jean-Eudes Maurice
50.4%
1998 -
1999
Adailton
46.2%
1998 -
1999
Manuel Helder
45.1%
2004 -
2005
Hélder Cristóvão
45.1%
1997 -
1999
Marko Pantelić
44.3%
1974 -
1977
Ilija Pantelić
44.3%
2004 -
2005
Vedad Ibisevic
43.4%
1994 -
1997
Patrick Mboma
43.2%
1980 -
1985
Nabatingue Toko
42.9%
1998
James Debbah
40.2%
1996 -
1997
Daniel Kenedy
40%
Years at PSG
Player
% Correct
1979 -
1980
João Alves
39.2%
1999 -
2000
Alex Nyarko
38.6%
1973 -
1979
François M'Pelé
37.6%
1991 -
1992
Geraldao
37.2%
2006 -
2009
Youssouf Mulumbu
36.2%
1985 -
1986
Omar da Fonseca
36%
2000 -
2003
Kaba Diawara
35.8%
1987 -
1990
Gabriel Calderón
35.1%
1992 -
1996
Djamel Belmadi
34.9%
1997 -
1998
Edmilson
34.2%
1989 -
1991
Zlatko Vujović
33%
2004 -
2007
Jean-Hugues Ateba
32.5%
2006 -
2010
Albert Baning
30.5%
1982
Osvaldo Ardiles
29.8%
1985 -
1992
Oumar Sène
28.7%
1986 -
1987
Vahid Halilhodžić
28.2%
2001 -
2003
Stéphane Gillet
28%
2005 -
2007
Boukary Dramé
27.9%
1987
Ray Wilkins
26.8%
2001 -
2002
Agostinho
24.3%
1986 -
1992
Lyazid Sandjak
23.5%
1979 -
1983
Sarr Boubacar
23.3%
2002 -
2005
Filipe Teixeira
22.8%
1979-
1981
Abel
22.6%
2010 -
2011
Florian Makhedjouf
18.7%
2004 -
2006
Hocine Ragued
17.3%
1981 -
1982
Ivica Šurjak
17.3%
1984 -
1985
Richard Niederbacher
17.1%
1983 -
1984
Kees Kist
16.9%
1985 -
1987
Pierre Vermeulen
16.4%
1986 -
1987
Jules Bocandé
15.7%
1983 -
1984
Salah Assad
13.8%
2002 -
2004
Chiguy Lucau
13.2%
1973 -
1974
Mordechai Spiegler
11.5%
1975 -
1977
Humberto Coelho
10.8%
1975 -
1978
Jean-Pierre Tokoto
10.1%
2004 -
2006
Souleymane Bamba
10.1%
1972 -
1975
Othniel Dossevi
9.5%
1975 -
1976
Pierre-Antoine Dossevi
9.5%
1976 -
1977
Mohamed Ali Messaoud
9.3%
1971 -
1972
Joel Camargo
8.6%
2010 -
2011
Yacine Qasmi
8.1%
1973 -
1974
Armando Monteiro
7.6%
1970 -
1971
Fernando Cruz
7.1%
1977 -
1979
Ramón Heredia
6.9%
1971 -
1972
Jantzen Derrick
6.3%
1989 -
1993
Alboury Lah
5.8%
1971 -
1973
Kamel Ben Mustapha
5.5%
1970 -
1971
Živko Lukić
5.5%
Quiz Playlist
Details
Report
Send in Message
Add To Playlist
Classic:
Type in answers that appear in a list
Quiz Source
Last Updated: Sep 7, 2017
Quiz Scoreboard
CHALLENGE
Sign Up to Join the Scoreboard
Show All
Scores
Hide
Comments
May contain spoilers
Recently Published
Holiday 10x10 Sorting Gallery
by lukepisani3
Holiday
15m
Two Season TV Shows II
by 123Four
Television
10m
Image Sorting: Flags VI
by Barbecue
Geography
2m
More to Explore
Quiz From the Vault
Featured Blog Post
14 Easter Pick-up Lines to Find Eggs With
hide this ad
You Might Also Like...
Tags
Football Players
Ligue 1
paris
PSG
Today's Top Quizzes in Sports
Browse Sports
hide this ad
Today's Top Quizzes in Ligue 1
Browse Ligue 1
Top Contributed Quizzes in Sports
1
Les meilleurs buteurs des matchs entre le PSG et l’OM
2
Les entraîneurs de l'OM et du PSG au 21e siècle
3
2022 World Cup Stars
4
Les joueurs passés par le PSG et l'OM
5
Players with Multiple 50 Home Run Seasons
6
FIFA Club World Cup Champions
7
Top 10 NHL Goal Scorers of All Time
8
Les joueurs passés par le LOSC et le RC Lens
9
Criteria MLB: Left Handed Sluggers
10
2023 MLB Unique Player Accomplishments
Explore More
Trending Topics
NBA
Anime
Marvel
Disney
Harry Potter
Kpop
Crossword
NFL
The Office
Puzzle
Pokémon
Song
Country
WWE
Soccer
hide this ad
More By:
AxlCDC
Quiz
Plays
Rating
Category
Featured
Created
PSG Ligue 1 scorers 1995-2017
6,194
4.00
Sports
Nov 5, 2012
Euro 2016 Player or Politician?
3,371
4.25
Sports
Jun 9, 2016
Ligue 1 top 70 goal scorers 1995-2012
3,176
4.20
Sports
Dec 20, 2012
They played for PSG and AC Milan (no hints)
2,377
4.60
Sports
Feb 19, 2017
I've never been in a World Cup squad
2,268
4.31
Sports
Apr 19, 2016
Go to Creator's Profile
Score Distribution
Quiz Creator Spotlight
AxlCDC
Follow
Send a Message
Quizzes Created
-
Created Quiz Play Count
-
More By This Creator
Popular Quizzes Today
1
Find the US States - No Outlines Minefield
2
Colored Red Africa Blitz
3
Find the 'City' Movie
4
The Countries of the World
5
5x2 Blitz: Bands
6
Find the Countries of Europe - No Outlines Minefield
7
Find the US States
8
US States
More Sports Quizzes
Buteurs de l'OM en Ligue des Champions
Quiz Lab
Trending Quizzes
Colored Red Europe Blitz I
Colored Red Europe Blitz II
Colored Red Africa Blitz II
Even More Two Season TV Shows
Colored Red Africa Blitz III
Recently Updated
Odd Team Out - Big 4 Players
pecheneg
Quick Pick: 20 Twenties
pecheneg
March Madness Men's Triple Doubles
pecheneg
How Do You Spell That?
pecheneg
Godzilla Movies
pecheneg
Grab Bag: 4-10 Letters
pecheneg
2024 March Madness Bracket
pecheneg
Famous TV Couples
Peacemaker
Champions League XIs: Real Madrid
pecheneg
Largest US Cities 1790-2010
pecheneg
Trending Topics
Marvel
Crossword
NBA
Kpop
Anime
Disney
Harry Potter
Soccer
Puzzle
NFL
The Office
Pokémon
Country
WWE
Song
Your Account Isn't Verified!
In order to create a playlist on Sporcle, you need to verify the email address you used during registration. Go to your
Sporcle Settings
to finish the process.
Report this User
Report this user for behavior that violates our
Community Guidelines
.
Details:
Send Report
Go to the Sporcle.com Mobile Site →
Comments